000 00302nam a22001337a 4500
008 171002b xxu||||| |||| 00| 0 eng d
020 _a9780880485074
041 _aeng
080 _a159.9
100 _a48
101 _aEDU
245 _aTEXTBOOK OF PSYCHOANALYSIS
_cNERSESSIAN, E
942 _2udc
_cBK
999 _c31220
_d31220